[Event "Bretagne tt 0203"]
[Site "Bretagne"]
[Date "2002.10.13"]
[Round "1"]
[White "Faverdin, Pierre"]
[Black "Boisard, Franck"]
[Result "1-0"]
[WhiteElo "1390"]
[BlackElo "1410"]
[PlyCount "133"]
[EventDate "2002.??.??"]
[EventType "team"]
[EventRounds "9"]
[EventCountry "FRA"]
[SourceTitle "EXT 2004"]
[Source "ChessBase"]
[SourceDate "2003.11.25"]
[SourceVersion "1"]
[SourceVersionDate "2003.11.25"]
[SourceQuality "1"]

1. Nf3 Nc6 2. e4 e5 3. Bb5 d6 4. d4 Bd7 5. d5 Nce7 6. Bxd7+ Qxd7 7. Nc3 Nf6 8. 0-0 c6 9. b3 Qc7 10. Bb2 Qa5 11. dxc6 Nxc6 12. Qd2 Be7 13. Rfe1 0-0 14. a4 Rad8 15. Rad1 Rd7 16. Re3 Rfd8 17. Rd3 Nb4 18. Nd5 Nxe4 19. Qxb4 Qxb4 20. Nxb4 f6 21. c4 Nc5 22. Re3 a5 23. Nd5 Kf8 24. Nh4 g6 25. f4 Na6 26. Bc3 b6 27. Nxb6 Rb7 28. Bxa5 f5 29. Nf3 e4 30. Ng5 h6 31. Ne6+ Ke8 32. Nxd8 Kxd8 33. Nd5+ Ke8 34. Nxe7 Kxe7 35. Bd8+ Kxd8 36. Rxd6+ Kc7 37. Rxa6 g5 38. fxg5 hxg5 39. Kf2 f4 40. Rc3 e3+ 41. Ke2 Kc8 42. g3 Rd7 43. Rd3 Rh7 44. gxf4 gxf4 45. Kf3 Rxh2 46. Kxf4 Kb7 47. Re6 Rh3 48. Rdxe3 Rxe3 49. Kxe3 Kc7 50. Kd4 Kd7 51. Kd5 Kc7 52. b4 Kb7 53. a5 Kc7 54. b5 Kd7 55. Rc6 Ke7 56. Rd6 Kf7 57. c5 Ke7 58. c6 Kf7 59. c7 Ke7 60. c8Q Kf7 61. a6 Ke7 62. a7 Kf7 63. a8Q Ke7 64. b6 Kf7 65. b7 Ke7 66. b8Q Kf7 67. Qaa7# 1-0